Leader xxxxxxxxxx
001 __ PCLIS00008192
005 __ 20221226134454.0
010 0_ |a957-522-070-6|b平裝|dNT$130
100 __ |a19870509d1993 m y0chiy09 e
101 0_ |achi
102 __ |atw
105 __ |aa r 000zy
200 1_ |a我妹妹|f大頭春著
205 __ |a初版
210 __ |a臺北市|c聯合文學|d民82[1983]
215 0_ |a[184]面|c圖|d21公分
225 1_ |a聯合文學|v80
225 1_ |a聯合文叢|v60
300 __ |a文學--叢書
300 __ |a作者本名張大春
300 __ |a作者號疑由adm取自出版社但誤取8566
681 __ |a820.8|b8566 88 V60C1
681 __ |a820.8|b8566 88 V.60
700 _1 |a張|b大春|f1957- |4著
801 _0 |atw|b內湖高中|c20010622
801 _2 |atw|b內湖高中|c20221226|gCCR
|